000
00315cam a2200145ua 4500
001
5892
008
120411n II |||gr||||Z||||||hin
040
_a
MAIN
041
_a
English
082
_a
294.592 2 MAH
100
_a
MAH , NANABHAI .
245
_a
RAMAYAN KE PATRA ( VOL-1)
653
_a
RAMAYANA
942
_c
BK
999
_c
5877
_d
5877